000 00651nam a2200277Ia 4500
005 20260324150409.0
008 008 260324s9999 xx 000 0 eng d
020 _a9780429268328
037 _aEBOOK
040 _aCRL
040 _beng
040 _cCRL
041 _2eng
041 _aeng
084 _qCRL
100 _aEdwin. M. Martin
_91226276
245 4 _aThe United States and the Developing Countries
260 _bTaylor and Francis
260 _c1968
365 _a
365 _b145
856 _uhttp://www.taylorfrancis.com/books/9780429268328
942 _cEBOOK
999 _c1835654
_d1835654